Beholding Beauty : Saʿdi of Shiraz and the Aesthetics of Desire in Medieval Persian Poetry /
Beholding Beauty: Saʿdi of Shiraz and the Aesthetics of Desire in Medieval Persian Poetry explores the relationship between sexuality, politics, and spirituality in the lyrics of Saʿdi Shirazi (d. 1292 CE), one of the most revered masters of classical Persian literature. Relying on a variety of sour...
المؤلف الرئيسي:
التنسيق: كتاب الكتروني
اللغة: English
منشور في:
Leiden; Boston :
BRILL,
2020.
سلاسل:
Brill Studies in Middle Eastern Literatures ;
41.
Middle East and Islamic Studies E-Books Online, Collection 2021, ISBN: 9789004441286.
الموضوعات:
الوصول للمادة أونلاين: Login to view Source
الوسوم: إضافة وسم
رقم الطلب: PK6546
| LEADER | 02964nam a22004691i 4500 | ||
|---|---|---|---|
| 001 | BRILL9789004435902 | ||
| 003 | nllekb | ||
| 005 | 20211118221353.0 | ||
| 006 | m d | ||
| 007 | cr un uuuua | ||
| 008 | 201130s2020 ne sb 001 0 eng d | ||
| 020 | |a 9789004435902 |q (electronic book) | ||
| 020 | |a 9789004435896 |q (print) | ||
| 024 | 7 | |a 10.1163/9789004435902 |2 DOI | |
| 035 | |z (OCoLC)1191241628 | ||
| 040 | |a NL-LeKB |c NL-LeKB |e rda | ||
| 050 | 4 | |a PK6546 | |
| 072 | 7 | |a HBJF1 |2 bicssc | |
| 072 | 7 | |a HIS |x 003000 |2 bisacsh | |
| 072 | 7 | |a HIS |x 026000 |2 bisacsh | |
| 082 | 0 | 4 | |a 891/.511009 |2 23 |
| 100 | 1 | |a Ingenito, Domenico, |e author. | |
| 245 | 1 | 0 | |a Beholding Beauty : |b Saʿdi of Shiraz and the Aesthetics of Desire in Medieval Persian Poetry / |c Domenico Ingenito. |
| 246 | 3 | |a Saʿdi of Shiraz and the Aesthetics of Desire in Medieval Persian Poetry | |
| 264 | 1 | |a Leiden; |a Boston : |b BRILL, |c 2020. | |
| 300 | |a 1 online resource. | ||
| 336 | |a text |b txt |2 rdacontent | ||
| 337 | |a computer |b c |2 rdamedia | ||
| 338 | |a online resource |2 rdacarrier | ||
| 490 | 1 | |a Brill Studies in Middle Eastern Literatures ; |v 41 | |
| 490 | 1 | |a Middle East and Islamic Studies E-Books Online, Collection 2021, ISBN: 9789004441286 | |
| 504 | |a Includes bibliographical references and index. | ||
| 520 | |a Beholding Beauty: Saʿdi of Shiraz and the Aesthetics of Desire in Medieval Persian Poetry explores the relationship between sexuality, politics, and spirituality in the lyrics of Saʿdi Shirazi (d. 1292 CE), one of the most revered masters of classical Persian literature. Relying on a variety of sources, including unstudied manuscripts, Domenico Ingenito presents the so-called "inimitable smoothness" of Saʿdi's lyric style as a serene yet multifaceted window into the uncanny beauty of the world, the human body, and the realm of the unseen. The book constitutes the first attempt to study Sa'di's lyric meditations on beauty in the context of the major artistic, scientific and intellectual trends of his time. By charting unexplored connections between Islamic philosophy and mysticism, obscene verses and courtly ideals of love, Ingenito approaches Sa'di's literary genius from the perspective of sacred homoeroticism and the psychology of performative lyricism in their historical context. | ||
| 588 | |a Description based on print version record. | ||
| 650 | 0 | |a Aesthetics in literature. | |
| 776 | 0 | 8 | |i Print version: |t Beholding Beauty : Saʿdi of Shiraz and the Aesthetics of Desire in Medieval Persian Poetry, |d Leiden ; Boston : BRILL, 2020 |z 9789004435896 |
| 830 | 0 | |a Brill Studies in Middle Eastern Literatures ; |v 41. | |
| 830 | 0 | |a Middle East and Islamic Studies E-Books Online, Collection 2021, ISBN: 9789004441286. | |
| 856 | 4 | |z DOI: |u http://dx.doi.org/10.1163/9789004435902 | |
| 942 | |2 lcc |c EBOOK | ||
| 952 | |0 0 |1 0 |2 lcc |4 0 |7 1 |9 22263 |a BRILL |b BRILL |d 2021-11-18 |l 0 |r 2021-11-18 00:00:00 |w 2021-11-18 |y EBOOK | ||
| 999 | |c 39737 |d 39737 | ||
